| 000 | 00506nam a2200217Ia 4500 | ||
|---|---|---|---|
| 003 | OSt | ||
| 005 | 20230421100323.0 | ||
| 008 | 210423s2008 xx 000 0 und d | ||
| 020 | _a8125912754 | ||
| 040 | _cAL | ||
| 041 | _aeng | ||
| 082 | _a658.4034 KALS | ||
| 100 |
_aKALAVATHY (S). _977925 |
||
| 245 | _aOperations research. | ||
| 250 | _a2 | ||
| 260 |
_aNew Delhi _bVikas Publications _c2008 |
||
| 300 | _axv,536 | ||
| 365 |
_b150 _cINR |
||
| 906 | _aOperations ; research | ||
| 942 |
_2ddc _cBK |
||
| 999 |
_c155994 _d155994 |
||